<?xml version="1.0" encoding="UTF-8"?>
<record
    xmlns:xsi="http://www.w3.org/2001/XMLSchema-instance"
    xsi:schemaLocation="http://www.loc.gov/MARC21/slim http://www.loc.gov/standards/marcxml/schema/MARC21slim.xsd"
    xmlns="http://www.loc.gov/MARC21/slim">

  <leader>00754nam a22002177a 4500</leader>
  <controlfield tag="005">20150617130330.0</controlfield>
  <controlfield tag="008">140714b        xxu||||| |||| 00| 0 Urdu d</controlfield>
  <datafield tag="010" ind1=" " ind2=" ">
    <subfield code="a">UR-9077</subfield>
  </datafield>
  <datafield tag="020" ind1=" " ind2=" ">
    <subfield code="c">141.00</subfield>
  </datafield>
  <datafield tag="035" ind1=" " ind2=" ">
    <subfield code="a">U-7632</subfield>
  </datafield>
  <datafield tag="037" ind1=" " ind2=" ">
    <subfield code="b">DBAD</subfield>
  </datafield>
  <datafield tag="040" ind1=" " ind2=" ">
    <subfield code="a">DPL</subfield>
    <subfield code="b">Urdu</subfield>
  </datafield>
  <datafield tag="082" ind1=" " ind2=" ">
    <subfield code="a">841.08</subfield>
  </datafield>
  <datafield tag="100" ind1=" " ind2=" ">
    <subfield code="a">&#x62C;&#x645;&#x634;&#x64A;&#x62F; &#x627; &#x62D;&#x645;&#x62F;</subfield>
  </datafield>
  <datafield tag="245" ind1=" " ind2=" ">
    <subfield code="a">&#x627; &#x631; &#x62F; &#x648; &#x646;&#x638;&#x645; &#x627; &#x648; &#x631; &#x62A;&#x631; &#x642;&#x6CC; &#x67E;&#x633;&#x646;&#x62F; &#x639;&#x6C1;&#x62F; &#x6A9;&#x6D2; &#x645;&#x64A;&#x644;&#x627; &#x646;&#x627; &#x62A;</subfield>
    <subfield code="c">&#x62C;&#x645;&#x634;&#x64A;&#x62F; &#x627; &#x62D;&#x645;&#x62F;</subfield>
  </datafield>
  <datafield tag="246" ind1=" " ind2="h">
    <subfield code="a">Urdu Nazam aur Taraqqi Pasand Ahed ke Meelanat</subfield>
    <subfield code="b">By Jamshed Ahmed</subfield>
  </datafield>
  <datafield tag="260" ind1=" " ind2=" ">
    <subfield code="b">Adabistan Publications</subfield>
    <subfield code="c">2013</subfield>
    <subfield code="a">Delhi</subfield>
  </datafield>
  <datafield tag="270" ind1=" " ind2=" ">
    <subfield code="a">A-70,Ground Floor 3,Surya Apptt.,Dilshad Colony,</subfield>
    <subfield code="b">Delhi</subfield>
    <subfield code="k">9899706640</subfield>
    <subfield code="e"> 110095</subfield>
  </datafield>
  <datafield tag="300" ind1=" " ind2=" ">
    <subfield code="a">258&#x635;</subfield>
    <subfield code="c">22Cm (Hb)</subfield>
  </datafield>
  <datafield tag="942" ind1=" " ind2=" ">
    <subfield code="2">ddc</subfield>
    <subfield code="c">UR</subfield>
    <subfield code="e"> </subfield>
    <subfield code="h">841.08</subfield>
    <subfield code="m">&#x62C; &#x645; &#x634;</subfield>
  </datafield>
  <datafield tag="999" ind1=" " ind2=" ">
    <subfield code="c">94327</subfield>
    <subfield code="d">94327</subfield>
  </datafield>
  <datafield tag="952" ind1=" " ind2=" ">
    <subfield code="0">0</subfield>
    <subfield code="1">0</subfield>
    <subfield code="2">ddc</subfield>
    <subfield code="4">0</subfield>
    <subfield code="7">1</subfield>
    <subfield code="8">NFIC</subfield>
    <subfield code="a">DBAD</subfield>
    <subfield code="b">DBAD</subfield>
    <subfield code="d">2015-06-17</subfield>
    <subfield code="e">DBAD/Pub.</subfield>
    <subfield code="g">141.00</subfield>
    <subfield code="l">0</subfield>
    <subfield code="o">841.08 &#x62C; &#x645; &#x634;</subfield>
    <subfield code="p">U-7632</subfield>
    <subfield code="r">2015-06-17 00:00:00</subfield>
    <subfield code="t">1</subfield>
    <subfield code="v">141.00</subfield>
    <subfield code="w">2015-06-17</subfield>
    <subfield code="y">UR</subfield>
  </datafield>
</record>
